| 000 | 00000nam 2200000zi 4500 |
| 001 | 9.929396 |
| 003 | CaOODSP |
| 005 | 20240311103033 |
| 006 | m o d f |
| 007 | cr |n||||||||| |
| 008 | 231024s2022 onca o f|0| 0 eng d |
| 040 | |aCaOODSP|beng|erda|cCaOODSP |
| 043 | |an-cn--- |
| 086 | 1 |aMR2-26/2022E-PDF |
| 245 | 00|a2022-2026 strategic plan : |bbetter beginnings, vibrant childhoods, empowered youth : research that makes a difference. |
| 246 | 36|aBetter beginnings, vibrant childhoods, empowered youth : |bresearch that makes a difference |
| 246 | 37|aIHDCYH 2022-2026 strategic plan |
| 264 | 1|a[Ottawa] : |bCanadian Institutes of Health Research = Instituts de recherche en santé du Canada, |c[2022] |
| 300 | |a1 online resource (11 pages) : |billustrations |
| 336 | |atext|btxt|2rdacontent |
| 337 | |acomputer|bc|2rdamedia |
| 338 | |aonline resource|bcr|2rdacarrier |
| 500 | |aIssued also in French under title: Plan stratégique 2022-2026 : un meilleur départ dans la vie, une enfance heureuse, une jeunesse inspirée : des recherches qui changent la donne. |
| 583 | |aThis record is for the strategic plan. Infographic under the same title is 9.929220. |
| 610 | 20|aCanadian Institutes of Health Research|xPlanning. |
| 710 | 2 |aInstitute of Human Development, Child and Youth Health (Canada), |eissuing body. |
| 775 | 08|tPlan stratégique 2022-2026 : |w(CaOODSP)9.929397 |
| 856 | 40|qPDF|s13.96 MB|uhttps://publications.gc.ca/collections/collection_2023/irsc-cihr/MR2-26-2022-eng.pdf |
| 856 | 41|qHTML|sN/A|uhttps://cihr-irsc.gc.ca/e/26711.html |